00795nam a22002057a 4500999001900000005001700019010001300036020002600049035001200075037001300087082000800100100004600108245007500154246005800229260005300287270005900340300002700399942003000426952013300456 c197389d19738920230822162301.0 aUR-12158 a9788196013523c250.00 aU-10713 bDBAD/PUB a841 aحولدار سلیم الدین عامر aذکر شیخ و شابّ /cحولدار سلیم الدین عامر aZikr-E-Shaikh-O-Shabb /bby Hawaldar Salimuddin Aamir aNew DelhibEducational Publishing Housec2022 ء aH.O. D1/16, Ansari Road, Darya GanjbNew Delhie110002 a150 صc23cm(pbk)  2ddccURmح و لe h841 001040708NFICaMPbMPd2023-08-22eDBAD/PUBg250.00l0o841 ح و لpU-10713r2023-08-22 00:00:00t1v250.00w2023-08-22yUR